Normal view
MARC view
- الأدب العربي - تواصل وتلقي
Entry Topical Term
001 - CONTROL NUMBER
- control field: 58560
003 - CONTROL NUMBER IDENTIFIER
- control field: JO-AjAnu
005 - DATE AND TIME OF LATEST TRANSACTION
- control field: 20230606083601.0
008 - FIXED-LENGTH DATA ELEMENTS
- fixed length control field: 230606|| aca||aabn | a|a d
040 ## - CATALOGING SOURCE
- Original cataloging agency: JO-AjAnu
- Transcribing agency: JO-AjAnu
150 ## - HEADING--TOPICAL TERM
- Topical term or geographic name entry element: الأدب العربي - تواصل وتلقي
670 ## - SOURCE DATA FOUND
- Source citation: Work cat.: (JO-AjAnu)29871: بنهشوم، الغالي , author 58559, التلقي والتواصل في الخطاب الأدبي